Представление документа в формате RUSMARC

ПолеНазваниеЗначение
  Тип записи a
  Библиографический уровень m
001 Контрольный номер RU/SLIB/B/208730360
005 Дата корректировки 20201206204022.4
010 Индекс ISBN __
a ISBN 5-8305-0008-6
d Цена 20-00
101 Язык документа __
a Язык текста rus
c Язык оригинала rus
200 Заглавие и сведения об ответственности 1_
a Заглавие Облицовочные материалы. Отделочные работы
f Первые сведения об ответственности авт.-сост. В. И. Рыженко
b Общее обозначение материала Текст
210 Выходные данные __
a Место издания М.
c Издательство ТрастПресс
d Дата издания 1999
215 Физическое описание __
a Объем 191 с.
327 Примечание о содержании __
a Примечание о содержании Отделочные работы
330 Аннотация __
a Аннотация В книге приведен обзор наиболее распространенных отделочных материалов и отделочных работ, необходимых при проведении ремонта. Дано множество полезных советов.
606 Тематические рубрики __
a Основная рубрика Строительство
606 Тематические рубрики __
a Основная рубрика Технология строительного производства в целом
610 Ключевые слова __
a Ключевые слова облицовка; облицовочные работы; отделка; отделочные работы; отделочные материалы; обои; растворы; полы; окраска; штукатурные работы; помещения; керамическая плитка; облицовочные материалы
686 Индексы других классификаций __
a Классификационный индекс 38.639.4
702 Вторичная интеллектуальная ответственность _1
a Фамилия Рыженко
b Имя В. И.
4 Код отношения Автор
4 Код отношения 070
4 Код отношения 220
801 Источник записи _0
a Страна RU
b Организация Муниципальное бюджетное учреждение культуры "Централизованная библиотечная система" г. Сургут (Центральная городская библиотека им. А. С. Пушкина)
g Правила каталогизации КиК/Котельникова
801 Источник записи _1
a Страна RU
b Организация Муниципальное бюджетное учреждение культуры "Централизованная библиотечная система" г. Сургут (Центральная городская библиотека им. А. С. Пушкина)
g Правила каталогизации КиК/Котельникова
852 Данные о местонахождении __
j Шифр хранения 38.639.4
c Каталожный индекс 38.639.4
i Авторский знак О-17
901 Тип документа 1_
t Тип документа m
903 Характеристики (МАРС) __
a Дата передачи 20021104
990 Данные о заказе (DOS) __
j Количество экземпляров (DOS) 3
t N записи в КСУ для И/У (DOS) 200211